000 01015nam a2200301 i 4500
003 DO-SdBNP
005 20250522152540.0
007 ta
008 250522b2022 dr a|||| |||| 00| 0 spa d
020 _a9789945182545
040 _aDO-SdBNP
_bspa
_cBNPHU
_espa
041 _aspa
082 4 _axxx
_bM748h
_222
100 _aMoní, Josanny,
_eautor
_4aut.
_986911
245 1 3 _aLa herida que no sangra /
_cJosanny Moní ; corrector, Rafael Peralta Romero ; ilustraciones, Aaron Vargas
250 _aPrimera edición
264 1 _aSanto Domingo :
_bImpresora Soto,
_c2022.
300 _a99 páginas :
_bilustraciones ;
_c22 cm.
336 _atexto
_btxt
_2rdacontent
337 _asin mediación
_bn
_2rdamedia
338 _avolumen
_bnc
_2rdacarrier
500 _aIncluye datos biográficos del autor en las solapas
590 _aInventariado, 2025/BT
700 1 _aPeralta Romero, Rafael,
_ecorrector
_4corr.
_987405
710 _aVargas, Aaron,
_eilustrador
_4il.
_987864
910 _aBtavárez
942 _2ddc
_cLBS1
999 _c58082
_d58082